| LEADER |
00863nam0a2200205 450 |
| 001 |
16833302 |
| 010 |
|
|
|a 978-2-08-137254-2
|b cart.
|d 15,5
|
| 100 |
|
|
|a 20161116d2016 u u0frey01 ba
|
| 101 |
0 |
|
|a fre
|
| 102 |
|
|
|a FR
|
| 200 |
0 |
|
|a Héroïnes et héros de la mythologie grecque
|f Françoise Rachmühl, Charlotte Gastaut
|
| 207 |
|
1 |
|a
|
| 210 |
|
|
|a Paris
|c Père Castor-Flammarion
|d 2016
|
| 215 |
|
|
|a 1 vol. (64 p.)
|c illustrations en couleur
|d 31 x 25 cm
|
| 330 |
|
|
|a Dix récits pour découvrir les exploits accomplis par des demi-dieux ou des héroïnes et leurs personnalités remarquables. Electre 2016
|
| 700 |
|
0 |
|a Rachmühl
|b Françoise
|4 70
|
| 701 |
|
0 |
|a Gastaut
|b Charlotte
|f 1974-....
|4 440
|
| 900 |
|
|
|a Documentaire jeunesse
|
| 901 |
|
|
|a Accessible au prêt
|
| 995 |
|
|
|a BD 13
|b 156
|c Bibliothèque
|f 00156009221417
|h 00156009221417
|k E 292.08 RAC
|o p
|q j
|r az
|e BD 13
|